00371 2200157 4500001002100000005001500021035002000036245004700056100001600103300001200119260002600131082000800157084001400165020002200179990001200201INLIS00000000000182020250507072125 a0010-05250001121 aAneka Resep Masakan Lengkap /cTia Angelia0 aTia Angelia a128 hlm aSolo :bLingkar Media a600 a600 TIA a a978-602-365-002-6 a0754736